Methods of research for the health professions / (Record no. 19665)
[ view plain ]
| 000 -LEADER | |
|---|---|
| fixed length control field | 00629nam a2200229 a 4500 |
| 005 - DATE AND TIME OF LATEST TRANSACTION | |
| control field | 20140310183152.0 |
| 008 - FIXED-LENGTH DATA ELEMENTS--GENERAL INFORMATION | |
| fixed length control field | 021111s19uu xx 00 eng d |
| 050 ## - LIBRARY OF CONGRESS CALL NUMBER | |
| Classification number | RT 50.5 |
| Item number | .Ad221 2003 |
| 100 ## - MAIN ENTRY--PERSONAL NAME | |
| Personal name | Adanza, Estela Galicano |
| 245 ## - TITLE STATEMENT | |
| Title | Methods of research for the health professions / |
| Statement of responsibility, etc | Estela Galicano Adanza. |
| 260 ## - PUBLICATION, DISTRIBUTION, ETC. (IMPRINT) | |
| Place of publication, distribution, etc | Manila, Philippines : |
| Name of publisher, distributor, etc | Rex Bookstore, |
| Date of publication, distribution, etc | 2003. |
| 300 ## - PHYSICAL DESCRIPTION | |
| Extent | 248 p. : |
| Dimensions | 20 cm. |
| 521 ## - TARGET AUDIENCE NOTE | |
| Target audience note | |
| 650 ## - SUBJECT ADDED ENTRY--TOPICAL TERM | |
| Topical term or geographic name as entry element | Health |
| General subdivision | research |
| 650 ## - SUBJECT ADDED ENTRY--TOPICAL TERM | |
| Topical term or geographic name as entry element | Medical |
| General subdivision | research |
| 942 ## - ADDED ENTRY ELEMENTS (KOHA) | |
| Koha item type | Books |
| Source of classification or shelving scheme | Library of Congress Classification |
| Call number prefix | Local |
| Withdrawn status | Lost status | Source of classification or shelving scheme | Damaged status | Home library | Current library | Shelving location | Date acquired | Source of acquisition | Cost, normal purchase price | Total Checkouts | Full call number | Barcode | Date last seen | Copy number | Price effective from | Koha item type |
|---|---|---|---|---|---|---|---|---|---|---|---|---|---|---|---|---|
| Library of Congress Classification | Archives | Archives | 06/07/2010 | Donation | 225.00 | RT 50.5 .Ad221 2003 | C5535 | 05/15/2018 | 1 | 10/10/2013 | Books | |||||
| Library of Congress Classification | Archives | Archives | 12/16/2013 | Donation | RT 50.5 .Ad221 2003 | C5537 | 05/15/2018 | 4 | 12/16/2013 | Books | ||||||
| Library of Congress Classification | College Library | College Library | General Circulation Section | 12/16/2013 | RT 50.5 .Ad221 2003 | C5534 | 05/15/2018 | 2 | 12/16/2013 | Books | ||||||
| Library of Congress Classification | College Library | College Library | General Circulation Section | 12/16/2013 | RT 50.5 .Ad221 2003 | C5536 | 05/15/2018 | 3 | 12/16/2013 | Books | ||||||
| Library of Congress Classification | College Library | College Library | General Circulation Section | 12/16/2013 | RT 50.5 .Ad221 2002 | C0975 | 05/15/2018 | 5 | 12/16/2013 | Books |